000 00798cam a22002771 4500
001 he 68001673
003 DLC
005 20260227111459.0
008 840613r19671880is 000 0 heb
010 _ahe 68001673
035 _a(OCoLC)19164946
040 _aDLC
_cMH
_dCU
_dDLC
042 _apremarc
050 0 0 _aBM525
_b.L5 1967
100 1 _aLipschuetz, Jacob Koppel,
_d-1740.
245 1 0 _aSefer Shaʻar Gan ʻEden.
260 _aJerusalem :
_bMeḳor ḥayim,
_c727 [1967]
300 _a111 leaves ;
_c25 cm.
500 _aRunning title: Shaʻare gan ha-ʻeden.
500 _aReprint of Cracow, 1880 ed.
650 0 _aCabala.
700 1 _aLuria, Isaac ben Solomon,
_d1534-1572.
740 0 _aShaʻar gan ha-ʻeden.
752 _aPoland
_dKraków
752 _aIsrael
_dJerusalem
999 _c33367
_d33367